000 00540cas a2200193 4500
001 ##L107389
008 000000n1995 eng u
022 1 _a1357-9150
035 _a(Sirsi) u107389
041 0 _aeng
110 2 _aChartered Institute of Housing
_92394
245 0 0 _aGood Practice Briefing
260 3 _aCoventry
_bCIH
_c1995-
520 _aIndividual issues catalogued.
554 _aThree issues per annum.
690 _aResidential property
_96266
856 _uhttps://www.cih.org/gpu/briefings.htm
942 _n0
999 _c118724
_d118724